[Event "TUR-ch (Women)"]
[Site "Ayvalik"]
[Date "2022.03.11"]
[Round "9"]
[White "Engin, Cagla"]
[Black "Bassari, Senem Gul"]
[Result "1-0"]
[WhiteElo "1421"]
[BlackElo "1285"]
[PlyCount "119"]
[EventDate "2022.03.05"]
[EventType "swiss"]
[EventRounds "9"]
[EventCountry "TUR"]
[SourceTitle "EXT 2023"]
[Source "ChessBase"]
[SourceDate "2022.10.05"]
[SourceVersion "1"]
[SourceVersionDate "2022.10.05"]
[SourceQuality "1"]

1. e4 c6 2. d4 d5 3. exd5 cxd5 4. Bd3 Nc6 5. c3 Nf6 6. h3 e5 7. dxe5 Nxe5 8. Nf3 Nxd3+ 9. Qxd3 Bd6 10. 0-0 0-0 11. Be3 b6 12. Nbd2 Bb7 13. Nd4 Qd7 14. Nf5 Bc8 15. Nxd6 Qxd6 16. Bd4 Nh5 17. Rae1 Qg6 18. Qxg6 fxg6 19. Re7 Ba6 20. Rfe1 Nf6 21. Nf3 Bb5 22. Ne5 Rfe8 23. Ng4 Nh5 24. R1e5 Rxe7 25. Rxe7 Bc6 26. Rc7 Bb5 27. Ne3 Nf6 28. Bxf6 gxf6 29. Nxd5 f5 30. Nf6+ Kf8 31. Rxh7 Bc6 32. h4 Rd8 33. Rh8+ Ke7 34. Rxd8 Kxd8 35. g3 Ke7 36. Nh7 Kd6 37. Kf1 a5 38. Ke2 Bd5 39. b3 a4 40. bxa4 Bxa2 41. Kd3 Bb3 42. Nf8 Bf7 43. Kd4 Ke7 44. Nh7 Bb3 45. Ke5 Bxa4 46. Nf6 Kf7 47. Nd5 b5 48. Kd6 Bd1 49. Nc7 Be2 50. Kc5 Kf6 51. Nxb5 Ke5 52. Nd4 Ba6 53. Nf3+ Ke4 54. Ng5+ Kd3 55. Kd5 Ke2 56. Ke5 Kxf2 57. Kf4 Bb5 58. Nf7 Bc6 59. Ne5 Be8 60. c4 1-0

[Event "Motiva Online Blitz (Women)"]
[Site "Chess.com INT"]
[Date "2021.12.18"]
[Round "11"]
[White "Engin, Cagla"]
[Black "Luong, Nhat Linh"]
[Result "0-1"]
[WhiteElo "1421"]
[BlackElo "2043"]
[PlyCount "66"]
[EventDate "2021.12.18"]
[EventType "swiss (blitz)"]
[EventRounds "13"]
[EventCountry "USA"]
[SourceTitle "CBM 205 Extra"]
[Source "ChessBase"]
[SourceDate "2022.01.31"]
[SourceVersion "1"]
[SourceVersionDate "2022.01.31"]
[SourceQuality "1"]

1. e4 c5 2. Nc3 Nc6 3. g3 g6 4. Bg2 Bg7 5. d3 e6 6. Be3 Nd4 7. Nge2 Ne7 8. Qd2 0-0 9. 0-0 d5 10. exd5 exd5 11. Nd1 Nxe2+ 12. Qxe2 d4 13. Bg5 f6 14. Bd2 h5 15. c3 Nc6 16. h4 Re8 17. Qf3 Bg4 18. Qd5+ Kh7 19. cxd4 Qxd5 20. Bxd5 cxd4 21. f3 Bf5 22. Nf2 Re2 23. Bf4 Ne5 24. b3 Nxd3 25. Nxd3 Bxd3 26. Bxb7 Rae8 27. Rfd1 Bc2 28. Rd2 d3 29. Be4 f5 30. Bc6 Bxa1 31. Bxe8 Rxe8 32. Kf2 Bd4+ 33. Kf1 Bc3 0-1

[Event "TUR-ch (Women)"]
[Site "Ankara"]
[Date "2020.03.03"]
[Round "3"]
[White "Engin, Cagla"]
[Black "Gunes, Defne"]
[Result "0-1"]
[WhiteElo "1418"]
[BlackElo "1032"]
[PlyCount "82"]
[EventDate "2020.03.02"]
[EventType "swiss"]
[EventRounds "9"]
[EventCountry "TUR"]
[SourceTitle "CBM 195 Extra"]
[Source "ChessBase"]
[SourceDate "2020.05.31"]
[SourceVersion "1"]
[SourceVersionDate "2020.05.31"]
[SourceQuality "1"]

1. e4 c5 2. Nc3 Nc6 3. g3 g6 4. Bg2 Bg7 5. d3 Rb8 6. f4 d6 7. Nf3 b5 8. a3 e6 9. 0-0 Nge7 10. Rb1 b4 11. axb4 cxb4 12. Ne2 Qb6+ 13. Kh1 0-0 14. d4 a5 15. b3 Ba6 16. Re1 Rbc8 17. Bb2 Rfd8 18. c4 bxc3 19. Nxc3 Nb4 20. Na4 Qb5 21. Nd2 Nc2 22. Bf1 Qb7 23. Bxa6 Qxa6 24. Qe2 Qxe2 25. Rxe2 Nxd4 26. Bxd4 Bxd4 27. Nc4 Nc6 28. Rd2 Ra8 29. Rbd1 e5 30. fxe5 dxe5 31. Rd3 Rab8 32. Rc1 Rdc8 33. Nab2 Nb4 34. Rf3 Bxb2 35. Rcf1 Bd4 36. Rxf7 Nc6 37. Rd7 Rf8 38. Rb1 a4 39. Rd6 Rfc8 40. Rf1 axb3 41. Rff6 Nd8 0-1

[Event "TUR Cup"]
[Site "Antalya"]
[Date "2020.01.28"]
[Round "4"]
[White "Engin, Cagla"]
[Black "Durucay, Uygar"]
[Result "0-1"]
[WhiteElo "1418"]
[BlackElo "1544"]
[PlyCount "64"]
[EventDate "2020.01.26"]
[EventType "swiss"]
[EventRounds "11"]
[EventCountry "TUR"]
[SourceTitle "CBM 194 Extra"]
[Source "ChessBase"]
[SourceDate "2020.03.31"]
[SourceVersion "1"]
[SourceVersionDate "2020.03.31"]
[SourceQuality "1"]

1. e4 c5 2. Nc3 e6 3. g3 d5 4. exd5 exd5 5. d4 Nf6 6. Nge2 Nc6 7. Bg2 Be6 8. 0-0 Be7 9. Be3 Ng4 10. Bf4 c4 11. h3 Nf6 12. Be5 Qb6 13. Bxf6 Bxf6 14. Nxd5 Bxd5 15. Bxd5 0-0-0 16. Bxc6 Qxc6 17. c3 g5 18. Kh2 Be7 19. Ng1 h5 20. Qf3 Qg6 21. Rae1 Bd6 22. Qe4 Qg7 23. Qf5+ Kb8 24. Nf3 h4 25. Qxg5 hxg3+ 26. fxg3 Qh7 27. Ng1 Rdg8 28. Qa5 Bxg3+ 29. Kh1 Bxe1 30. Qe5+ Ka8 31. Rxe1 Qg6 32. Qe4 Qxg1+ 0-1

[Event "TUR-ch (Women)"]
[Site "Aksu"]
[Date "2017.03.09"]
[Round "6"]
[White "Zengin, Nazlican"]
[Black "Engin, Cagla"]
[Result "0-1"]
[WhiteElo "1557"]
[BlackElo "1190"]
[PlyCount "152"]
[EventDate "2017.03.06"]
[EventType "swiss"]
[EventRounds "9"]
[EventCountry "TUR"]
[SourceTitle "CBM 177 Extra"]
[Source "ChessBase"]
[SourceDate "2017.04.27"]
[SourceVersion "1"]
[SourceVersionDate "2017.04.27"]
[SourceQuality "1"]

1. e4 d6 2. d4 Nf6 3. Nc3 c6 4. Nf3 Bg4 5. Be2 e6 6. Bg5 Be7 7. e5 dxe5 8. Nxe5 Bxe2 9. Nxe2 Nd5 10. Bxe7 Qxe7 11. 0-0 0-0 12. Qd2 Nd7 13. Nf3 Rfd8 14. c3 Rac8 15. Rfe1 N7f6 16. Ng3 Qc7 17. h3 c5 18. Rac1 cxd4 19. cxd4 Qf4 20. Ne2 Qxd2 21. Nxd2 Nb4 22. Rxc8 Rxc8 23. Nc3 Nbd5 24. Nb5 Rc2 25. Nb3 a6 26. Nd6 Rxb2 27. Rc1 g6 28. Nxb7 Rxa2 29. N7c5 a5 30. Ra1 Rxa1+ 31. Nxa1 Nc3 32. Kf1 Kf8 33. Ke1 Nfe4 34. f3 Nd6 35. Kd2 Ncb5 36. Nab3 Nf5 37. Nxa5 Nbxd4 38. Kd3 Nb5 39. Nc6 Nh4 40. Nd7+ Kg7 41. g3 Nxf3 42. Ke3 Ng1 43. h4 Nh3 44. Kf3 g5 45. Kg4 Nf2+ 46. Kxg5 Ne4+ 47. Kf4 Nbd6 48. Ke5 Kg6 49. Ne7+ Kh5 50. Nf6+ Nxf6 51. Kxf6 Kg4 52. Ke5 Nf5 53. Nxf5 exf5 54. h5 Kxg3 55. Kxf5 Kh4 56. h6 Kh5 57. Kf6 Kxh6 58. Kxf7 Kg5 59. Ke6 h5 60. Ke5 Kg4 61. Ke4 Kg3 62. Ke3 h4 63. Ke2 Kg2 64. Ke3 h3 65. Ke2 h2 66. Kd3 h1Q 67. Kc4 Qd1 68. Kc5 Kf3 69. Kc4 Ke4 70. Kc5 Qd5+ 71. Kb6 Qc4 72. Kb7 Kd5 73. Kb6 Qc6+ 74. Ka7 Qb5 75. Ka8 Kc6 76. Ka7 Qb7# 0-1